Chyby zamestnávateľov pri platení poistného do SP

Chyby pri registrácii zamestnávateľov a oznamovaní údajov. Neoznámenie, resp. oneskorené oznámenia prerušenia positenia. Chyby pri vykazovaní poistného. Chyby pri platení poistného. Chyby v evidenčných listoch dôchodkového poistenia. Odstránenie chýb.

Na minha lista:
Detalhes bibliográficos
Autor principal: Mintál, Ján
Formato: Capítulo de Livro
Idioma:eslovaco
Assuntos:
Tags: Adicionar Tag
Sem tags, seja o primeiro a adicionar uma tag!

MARC

LEADER 00000naa a2200000 4500
001 0276594
005 20210625082308.4
041 0 |a slo 
044 |a SK 
245 1 0 |a Chyby zamestnávateľov pri platení poistného do SP  |c Ján Mintál 
520 |a Chyby pri registrácii zamestnávateľov a oznamovaní údajov. Neoznámenie, resp. oneskorené oznámenia prerušenia positenia. Chyby pri vykazovaní poistného. Chyby pri platení poistného. Chyby v evidenčných listoch dôchodkového poistenia. Odstránenie chýb. 
610 2 0 |a zamestnanci 
610 2 0 |a zamestnávatelia 
610 2 0 |a poistenie 
610 2 0 |a poistenie sociálne 
100 1 |a Mintál, Ján